| 000 | 00460nam a22001697a 4500 | ||
|---|---|---|---|
| 003 | NUST - PNEC | ||
| 005 | 20170116180837.0 | ||
| 008 | 150810b xxu||||| |||| 00| 0 eng d | ||
| 020 | _a8120318854 | ||
| 040 | _cLIBRARY | ||
| 082 | _a515.353 FOL | ||
| 100 |
_95026 _a Folland, G. B. |
||
| 245 |
_a Introduction to partial differential equations _c G. B. Folland |
||
| 250 | _a2th ed | ||
| 650 |
_95027 _aDifferential equations, Partial _x- |
||
| 942 |
_2ddc _cBK |
||
| 999 |
_c64241 _d64241 |
||